Normale Ansicht MARC-Ansicht ISBD

Vzlet i padenie parlamenta : (Titelsatznr. 27412)

[ MARC ]
MARC-Details
000 -Satzkennung
Kontrollfeld mit fester Länge 00719nac a22002291ca4500
001 - Kontrollnummer
Kontrollfeld a987687930
008 - Feld mit fester Länge zur physischen Beschreibung - Allgemeine Angaben
Kontrollfeld mit fester Länge 170714s2005 gw |||| 000u rus d
041 ## - Sprachcode
Sprachcode des Textes/der Tonspur oder des separaten Titels rus
040 ## - Katalogisierungsquelle
Übertragungsstelle RU-10907106
003 - Kontrollnummer Identifier
Kontrollfeld RU-10907106
100 1# - Haupteintragung - Personenname
Personenname Šejnis, Viktor L.
240 14 - Einheitstitel
Einheitstitel The Rise and Fall of Parliament : Watershed Years in Russian Politics (1985-1993)
245 00 - Titel
Titel Vzlet i padenie parlamenta :
Zusatz zum Titel perelomnye gody v rossijskoj politike (1985-1993) /
Verfasserangabe etc. Viktor Leonidovic Šejnis
264 ## - Produktion, Veröffentlichung, Distribution, Herstellung und Urheberrechtsvermerk
Herstellungs-, Veröffentlichungs- Vertriebs-, Erzeugungsort Moskva,
Datum der Herstellung, der Veröffentlichung, des Vertriebs oder des Urheberschutzvermerks 2005
300 ## - Physische Beschreibung
Umfang 2 Bände
650 #0 - Nebeneintragung unter einem Schlagwort - Sachschlagwort
Sachschlagwort oder geografischer Name als Eintragungselement Verchovnyj Sovet SSSR
650 #0 - Nebeneintragung unter einem Schlagwort - Sachschlagwort
Sachschlagwort oder geografischer Name als Eintragungselement Föderationsversammlung
651 #0 - Nebeneintragung unter einem Schlagwort - Geografischer Name
Geografischer Name Sowjetunion
710 2# - Nebeneintragung - Körperschaftsname
Körperschafts- oder Gebietskörperschaftsname als Eintragungselement Moskovskij centr Karnegi ; Fond Indem
942 ## - Zusätzliche Felder (Koha)
Koha-Medientyp Monographien
Exemplare
Ausgeschieden Verloren Beschädigt Nicht entleihbar Heimatbibliothek Aufenthaltsbibliothek Aufstellungsort Erwerbungsdatum Inventarnummer Signatur Barcode Letzte Aktivität Preis gültig von Koha-Medientyp
        MWN Osteuropa MWN Osteuropa Magazin - 2 14/07/2017 17-03371 R 65 ee Sej 1 (Bde.) 27416 23/02/2021 22/03/2021 Monographien